WWE Finishers Quiz 2018 - Statistics

General Stats
  • This quiz has been taken 373 times
  • The average score is 25 of 45
Answer Stats
Superstar Finisher % Correct
Baron Corbin End of Days
91%
Brock Lesnar F5
87%
Roman Reigns Spear
85%
Dolph Ziggler Zig Zag
84%
Dean Ambrose Dirty Deeds
81%
Kane Chokeslam
80%
Bray Wyatt Sister Abigail
77%
Randy Orton RKO
75%
Seth Rollins Curb Stomp
73%
Bobby Roode Glorious DDT
70%
Kevin Owens Pop Up Powerbomb
70%
Matt Hardy Twist of Fate
68%
Chris Jericho Code Breaker
65%
Sami Zayn Helluva Kick
65%
Kofi Kingston Trouble in Paradise
65%
Daniel Bryan Yes Lock
65%
Big E Big Ending
64%
Finn Balor Coup De Grace
64%
The Miz Skull Crushing Finale
63%
Jeff Hardy Swanton Bomb
63%
Sheamus Brogue Kick
60%
Bayley Bayley to Belly
54%
Natalya Sharpshooter
54%
AJ Styles Phenomenal Forearm
53%
Drew McIntyre Claymore Kick
52%
Alexa Bliss Twisted Bliss
51%
Sasha Banks Bank Statement
50%
Braun Strowman Powerslam
50%
Asuka Asuka Lock
49%
Shinsuke Nakamura Kinshasa
48%
Ronda Rousey Armbar
47%
Becky Lynch Disarmher
46%
Ember Moon Eclipse
46%
Elias Drift Away
44%
Charlotte Flair Figure 8
43%
Cesaro Neutralizer
42%
Rusev Accolade
40%
Jinder Mahal Khallas
38%
Big Cass Big Boot
35%
Samoa Joe Coquina Clutch
34%
Nia Jax Samoan Drop
34%
Carmella Code of Silence
25%
Ruby Riott Riot Kick
20%
Naomi Feel the glow
14%
Andrade 'Cien' Almas La Sombra
12%
No matching quizzes found
Score Distribution
Percent of People with Each Score
Percentile by Number Answered
Your Score History
You have not taken this quiz